Arctic Monkeys 2014 Brit Awards Speech - Statistics

General Stats
  • This quiz has been taken 162 times
  • The average score is 59 of 130
Answer Stats
Lyrics % Correct
I
96%
'n'
96%
rock
83%
roll,
83%
the
79%
it
77%
It
77%
it.
77%
That
77%
that
77%
you
76%
and
72%
And
72%
to
72%
to.
72%
in
71%
for
67%
go
64%
eh?
56%
er...
56%
me
56%
away.
55%
away
55%
if
54%
just
53%
than
53%
do
52%
microphone
50%
won't
50%
never
48%
Invoice
47%
need
46%
Thank
46%
will
42%
from
41%
might
38%
time
37%
time,
37%
die.
35%
Yeah,
33%
Yeah.
33%
back
31%
But
31%
but
31%
of
31%
its
30%
it's
30%
ever.
29%
swamp.
29%
can
28%
hibernate
28%
this.
28%
think
27%
into
26%
there,
26%
much
25%
very
24%
always
23%
Don't
23%
f***ing
22%
some
21%
appreciate
20%
sink
19%
there's
19%
way
18%
way.
18%
about
17%
better
17%
glass
17%
like
17%
sludge
17%
make
16%
nature
16%
nothing
16%
smash
15%
through
15%
which
15%
exists
14%
waiting
14%
around
13%
ceiling,
13%
demands
13%
take
13%
universe
13%
wrong
13%
corner.
12%
rules.
12%
seems
12%
cyclical
11%
looking
11%
Ready
11%
sometimes,
11%
truly
11%
adheres
8%
faded
4%
No matching quizzes found
Score Distribution
Percent of People with Each Score
Percentile by Number Answered
Your Score History
You have not taken this quiz